[Event "4NCL/Div2/3CS vs. KHE"]
[Site "Birmingham ENG"]
[Date "2001.11.25"]
[Round "4.1"]
[White "Davies, Nigel R"]
[Black "Jossien, Arnaud"]
[Result "1-0"]
[WhiteElo "2481"]
[BlackElo "2334"]
[PlyCount "67"]
[EventDate "2001.11.25"]
[SourceDate "2001.01.01"]

1. d4 d6 2. Nf3 Bg4 3. e4 Nf6 4. Nbd2 e6 5. c3 c6 6. Bd3 Be7 7. O-O O-O 8. Qc2
h6 9. h3 Bh5 10. a4 Nbd7 11. Re1 Bg6 12. Nf1 d5 13. e5 Bxd3 14. Qxd3 Nh7 15.
Ng3 c5 16. Nh2 Kh8 17. Nh5 Rc8 18. Ng4 cxd4 19. cxd4 Qa5 20. Rd1 Rc4 21. Qg3
Rg8 22. Qf3 Rxa4 23. Rxa4 Qxa4 24. b3 Qc6 25. Qxf7 Bg5 26. f4 Bh4 27. f5 exf5
28. Qxf5 Rf8 29. Qd3 Be7 30. Nf4 Kg8 31. Ng6 Re8 32. Bxh6 gxh6 33. Nxh6+ Kg7
34. Nf5+ 1-0

[Event "4NCL/Div2/3CS vs. KHE"]
[Site "Birmingham ENG"]
[Date "2001.11.25"]
[Round "4.2"]
[White "Berry, Stephen H"]
[Black "Clarke, Stuart"]
[Result "1/2-1/2"]
[WhiteElo "2298"]
[BlackElo "2290"]
[PlyCount "87"]
[EventDate "2001.11.25"]
[SourceDate "2001.01.01"]

1. e4 e6 2. d4 d5 3. e5 c5 4. c3 Nc6 5. Nf3 Qb6 6. Be2 Nh6 7. Bxh6 gxh6 8. Qd2
Bg7 9. O-O O-O 10. Na3 f6 11. exf6 Rxf6 12. Nc2 Bd7 13. b4 cxd4 14. cxd4 Be8
15. b5 Ne7 16. Ne5 h5 17. Rad1 Ng6 18. Kh1 Nxe5 19. dxe5 Rxf2 20. Rxf2 Qxf2 21.
Nd4 Bf7 22. Nf3 Rc8 23. Rf1 Qb6 24. Bd3 Qc7 25. Ng5 Bg6 26. Bxg6 hxg6 27. Nxe6
Qxe5 28. Nxg7 Kxg7 29. h3 d4 30. Re1 Qd6 31. Rd1 Rc4 32. Qd3 Qd5 33. Rf1 Rc3
34. Qe2 Re3 35. Qf2 Qf5 36. Qxf5 gxf5 37. Rxf5 Re1+ 38. Kh2 d3 39. Rd5 Re3 40.
Kg1 Kf6 41. Kf2 Re2+ 42. Kf3 Rxa2 43. Rxh5 Ke6 44. Ke3 1/2-1/2

[Event "4NCL/Div2/3CS vs. KHE"]
[Site "Birmingham ENG"]
[Date "2001.11.25"]
[Round "4.3"]
[White "Ashton, Adam G"]
[Black "Thomas, Richard H"]
[Result "0-1"]
[WhiteElo "2146"]
[BlackElo "2230"]
[PlyCount "154"]
[EventDate "2001.11.25"]
[SourceDate "2001.01.01"]

1. e4 Nc6 2. Nf3 d6 3. d4 Nf6 4. Nc3 a6 5. d5 Nb8 6. Bg5 h6 7. Bh4 g6 8. Bd3
Bg7 9. O-O O-O 10. Re1 c5 11. a4 Bg4 12. h3 Bxf3 13. Qxf3 Nbd7 14. Qd1 Nh5 15.
Be2 Nf4 16. Bf1 g5 17. Bg3 Ng6 18. Qd2 Qa5 19. Ra3 Rab8 20. Qe2 Rfc8 21. Nd1
Qd8 22. Ne3 Bxb2 23. Rb3 Be5 24. Nf5 Qf8 25. Bxe5 Ndxe5 26. Reb1 e6 27. dxe6
fxe6 28. Ng3 Qe7 29. Qd1 Nc6 30. Rb6 Nge5 31. c3 c4 32. Qd2 Rc7 33. Qa2 Nd7 34.
Bxc4 Nxb6 35. Bxe6+ Kh8 36. Rxb6 Re8 37. Bd5 Qe5 38. Qd2 Ne7 39. c4 Nxd5 40.
cxd5 Qa1+ 41. Kh2 Qe5 42. Qe2 Rf8 43. Qh5 Kg7 44. Qe2 Rcf7 45. Qb2 Qxb2 46.
Rxb2 Rxf2 47. Rxb7+ R8f7 48. Rb6 Rd7 49. Rxa6 Kf6 50. Ra8 Ke5 51. Re8+ Kd4 52.
Nf5+ Kd3 53. Nxh6 Re2 54. Ng4 Rb7 55. Rf8 Rbb2 56. Rf3+ Kxe4 57. Rg3 Kxd5 58.
Nh6 Ke6 59. Rxg5 d5 60. Nf5 Kf6 61. h4 Re5 62. Nd4 Rxg5 63. hxg5+ Kxg5 64. Kg3
Ra2 65. Kf3 Ra3+ 66. Ke2 Rxa4 67. Nf3+ Kf4 68. Kd3 Kf5 69. Nd4+ Ke5 70. Nf3+
Kd6 71. Nd4 Ra3+ 72. Ke2 Ke5 73. Nf3+ Kf4 74. Ne1 Ke4 75. Nf3 Ra2+ 76. Nd2+ Kd4
77. Ke1 Kd3 0-1

[Event "4NCL/Div2/3CS vs. KHE"]
[Site "Birmingham ENG"]
[Date "2001.11.25"]
[Round "4.4"]
[White "McMichael, Richard"]
[Black "Adams, Phil"]
[Result "1/2-1/2"]
[WhiteElo "2265"]
[BlackElo "2160"]
[PlyCount "41"]
[EventDate "2001.11.25"]
[SourceDate "2001.01.01"]

1. b3 d5 2. Bb2 Bg4 3. Nf3 Bxf3 4. exf3 Nd7 5. f4 e6 6. g3 Ngf6 7. Bg2 g6 8. d3
Bg7 9. Nd2 c6 10. O-O h5 11. Nf3 O-O 12. Qe2 a5 13. Ne5 Re8 14. h3 Nf8 15. g4
a4 16. Bf3 hxg4 17. hxg4 d4 18. g5 Nd5 19. Bxd5 Qxd5 20. Kh2 Bxe5 21. Qxe5
1/2-1/2

[Event "4NCL/Div2/3CS vs. KHE"]
[Site "Birmingham ENG"]
[Date "2001.11.25"]
[Round "4.5"]
[White "Walton, Alan J"]
[Black "Mackenzie, Colin"]
[Result "1/2-1/2"]
[WhiteElo "2205"]
[BlackElo "2164"]
[PlyCount "27"]
[EventDate "2001.11.25"]
[SourceDate "2001.01.01"]

1. d4 e6 2. e4 d5 3. Nc3 Bb4 4. exd5 exd5 5. Bd3 Ne7 6. Qh5 Be6 7. Nf3 Nbc6 8.
Bd2 g6 9. Qg5 Qd7 10. Ne2 O-O-O 11. a3 Bd6 12. Bb4 Bf5 13. Bxd6 Qxd6 14. Bxf5+
1/2-1/2

[Event "4NCL/Div2/3CS vs. KHE"]
[Site "Birmingham ENG"]
[Date "2001.11.25"]
[Round "4.6"]
[White "Ward, Julian T"]
[Black "Bentley, John L"]
[Result "0-1"]
[WhiteElo "2136"]
[BlackElo "2147"]
[PlyCount "72"]
[EventDate "2001.11.25"]
[SourceDate "2001.01.01"]

1. Nf3 Nf6 2. c4 g6 3. g3 Bg7 4. Bg2 O-O 5. O-O d6 6. d4 Nbd7 7. Nc3 a6 8. Qc2
c5 9. Rd1 Qc7 10. b3 Rb8 11. a4 cxd4 12. Nxd4 Ne5 13. Bb2 Nc6 14. Nd5 Nxd4 15.
Nxf6+ Bxf6 16. Bxd4 Bxd4 17. Rxd4 a5 18. h4 Be6 19. h5 Qc5 20. Rad1 Qxh5 21.
Qd2 b6 22. Bf3 Qe5 23. Kg2 f5 24. Rh1 Rf7 25. Bd5 Rc8 26. f4 Bxd5+ 27. cxd5 Qf6
28. Rd1 e5 29. dxe6 Qxe6 30. Rxd6 Qxb3 31. Qd4 Re7 32. Qf6 Rce8 33. Kh3 Rxe2
34. Rd8 Qf3 35. Rxe8+ Rxe8 36. Qc6 Qxc6 0-1

[Event "4NCL/Div2/3CS vs. KHE"]
[Site "Birmingham ENG"]
[Date "2001.11.25"]
[Round "4.7"]
[White "Gordon, Stephen J"]
[Black "Okike, David C"]
[Result "1/2-1/2"]
[WhiteElo "1968"]
[BlackElo "2149"]
[PlyCount "129"]
[EventDate "2001.11.25"]
[SourceDate "2001.01.01"]

1. d4 Nf6 2. c4 g6 3. Nc3 Bg7 4. e4 d6 5. f3 Nc6 6. Be3 a6 7. Qd2 O-O 8. Nge2
Rb8 9. Rb1 Re8 10. d5 Ne5 11. Nc1 e6 12. Be2 h5 13. h3 exd5 14. cxd5 b5 15. b4
Nfd7 16. Nb3 Nb6 17. Na5 Bd7 18. O-O f5 19. Rbc1 Qf6 20. exf5 gxf5 21. Rfd1 Qg6
22. f4 Nec4 23. Nxc4 Nxc4 24. Bxc4 bxc4 25. a3 Re7 26. Re1 Rbe8 27. Bf2 Rxe1+
28. Rxe1 Rxe1+ 29. Bxe1 Qf6 30. Qe3 Kf8 31. Ne2 Qa1 32. Kf2 Qd1 33. Qd2 Qb3 34.
Qe3 Qd3 35. Qxd3 cxd3 36. Nc3 Bd4+ 37. Kf3 c5 38. dxc6 Bxc6+ 39. Kg3 Be3 40.
Nb1 Kf7 41. Bd2 Bb6 42. Nc3 Kg6 43. a4 h4+ 44. Kh2 Be4 45. a5 Bf2 46. b5 Bb7
47. bxa6 Bxa6 48. Nd5 Bb7 49. Nc3 Kf7 50. Nd1 Bc5 51. g3 hxg3+ 52. Kxg3 Ke6 53.
Ne3 Be4 54. Kh2 Bd4 55. h4 Kf7 56. Kg3 Kg6 57. Nc4 Bc5 58. Be3 Kh5 59. a6 Bd5
60. Bxc5 dxc5 61. a7 Ba8 62. Nd2 Bd5 63. Nc4 Ba8 64. Nd2 Bb7 65. Nc4 1/2-1/2

[Event "4NCL/Div2/3CS vs. KHE"]
[Site "Birmingham ENG"]
[Date "2001.11.25"]
[Round "4.8"]
[White "Kelly, Alexandra M"]
[Black "Martin, Katie A"]
[Result "1/2-1/2"]
[WhiteElo "1736"]
[BlackElo "1448"]
[PlyCount "48"]
[EventDate "2001.11.25"]
[SourceDate "2001.01.01"]

1. e4 e5 2. Nf3 Nc6 3. Bb5 a6 4. Ba4 Nf6 5. O-O b5 6. Bb3 Bc5 7. Nxe5 Nxe5 8.
d4 Bxd4 9. Qxd4 d6 10. c3 O-O 11. Bg5 h6 12. Bh4 c5 13. Bxf6 Qxf6 14. Qe3 Be6
15. Nd2 Bxb3 16. Nxb3 Nc4 17. Qe2 Rfe8 18. Rad1 Rad8 19. Rd5 Qe7 20. f3 Nb6 21.
Rd2 d5 22. Rfd1 c4 23. Nd4 dxe4 24. Kf1 Qf6 1/2-1/2

[Event "4NCL/Div2/PPA1 vs. PYO"]
[Site "Birmingham ENG"]
[Date "2001.11.25"]
[Round "4.1"]
[White "Swanson, Stephen"]
[Black "Hanley, Craig A"]
[Result "1/2-1/2"]
[WhiteElo "2271"]
[BlackElo "2303"]
[PlyCount "77"]
[EventDate "2001.11.25"]
[SourceDate "2001.01.01"]

1. e4 e6 2. d4 d5 3. e5 c5 4. c3 Nc6 5. Be3 Qb6 6. Qd2 Bd7 7. Nf3 cxd4 8. cxd4
Bb4 9. Nc3 Na5 10. Bd3 Rc8 11. O-O Nc4 12. Bxc4 Rxc4 13. Rfc1 Ne7 14. h4 Nf5
15. a3 Bxc3 16. Rxc3 Rxc3 17. Qxc3 Nxe3 18. fxe3 O-O 19. Rc1 f6 20. Qb4 Qxb4
21. axb4 Rc8 22. Rxc8+ Bxc8 23. g4 Kf7 24. Kf2 b6 25. exf6 gxf6 26. Kg3 Ba6 27.
g5 Be2 28. Ng1 Bd1 29. gxf6 Kxf6 30. Kf4 a5 31. bxa5 bxa5 32. Nh3 Bc2 33. Ng5
h6 34. Nf3 a4 35. Nd2 Bd3 36. Nf3 Bc2 37. Nd2 Bd3 38. Nf3 Bc2 39. Nd2 1/2-1/2

[Event "4NCL/Div2/PPA1 vs. PYO"]
[Site "Birmingham ENG"]
[Date "2001.11.25"]
[Round "4.2"]
[White "Bigg, Andrew J"]
[Black "Waddington, Michael P"]
[Result "1/2-1/2"]
[WhiteElo "2250"]
[BlackElo "2235"]
[PlyCount "44"]
[EventDate "2001.11.25"]
[SourceDate "2001.01.01"]

1. d4 f5 2. Nf3 Nf6 3. c4 g6 4. Nc3 Bg7 5. h3 O-O 6. Bf4 d6 7. e3 c6 8. Rc1 Na6
9. c5 Nc7 10. Bc4+ d5 11. Be2 Ne6 12. Be5 Nd7 13. Bxg7 Nxg7 14. b4 Re8 15. Ne5
Nxe5 16. dxe5 Ne6 17. f4 d4 18. exd4 Qxd4 19. Qxd4 Nxd4 20. Kf2 Nxe2 21. Kxe2
Be6 22. Rhd1 Red8 1/2-1/2

[Event "4NCL/Div2/PPA1 vs. PYO"]
[Site "Birmingham ENG"]
[Date "2001.11.25"]
[Round "4.3"]
[White "Harley, Andrew"]
[Black "Taylor, Martin R"]
[Result "1/2-1/2"]
[WhiteElo "2258"]
[BlackElo "2183"]
[PlyCount "41"]
[EventDate "2001.11.25"]
[SourceDate "2001.01.01"]

1. e4 e5 2. Nf3 Nc6 3. Bb5 a6 4. Ba4 Nf6 5. O-O b5 6. Bb3 Be7 7. d4 d6 8. c3
Bg4 9. Be3 O-O 10. Nbd2 Na5 11. Bc2 c5 12. dxe5 dxe5 13. h3 Bxf3 14. Qxf3 Qc7
15. Rfd1 Rfd8 16. Nf1 Nc4 17. Bc1 Rxd1 18. Qxd1 Rd8 19. Qe2 g6 20. a4 Qb7 21.
b3 1/2-1/2

[Event "4NCL/Div2/PPA1 vs. PYO"]
[Site "Birmingham ENG"]
[Date "2001.11.25"]
[Round "4.4"]
[White "Yastrebov, Alexander"]
[Black "Moore, Gerald"]
[Result "1/2-1/2"]
[WhiteElo "2181"]
[BlackElo "2233"]
[PlyCount "67"]
[EventDate "2001.11.25"]
[SourceDate "2001.01.01"]

1. e4 d5 2. exd5 Qxd5 3. Nc3 Qa5 4. d4 c6 5. Bc4 Bf5 6. Nf3 Nf6 7. Bd2 e6 8.
Ne2 Qb6 9. Ng3 Bg6 10. Bb3 Nbd7 11. Qe2 Be7 12. c4 O-O 13. Bc3 Bb4 14. O-O Bxc3
15. bxc3 Qa5 16. Rac1 Rfe8 17. Rfe1 h6 18. Nh4 Bh7 19. f4 c5 20. Nf3 Rad8 21.
Ne5 Qb6 22. Rcd1 cxd4 23. cxd4 Nxe5 24. c5 Nf3+ 25. Qxf3 Qb4 26. Qf2 a5 27. f5
exf5 28. Rxe8+ Rxe8 29. Nxf5 Bxf5 30. Qxf5 Re1+ 31. Rxe1 Qxe1+ 32. Qf1 Qe3+ 33.
Qf2 Qc1+ 34. Qf1 1/2-1/2

[Event "4NCL/Div2/PPA1 vs. PYO"]
[Site "Birmingham ENG"]
[Date "2001.11.25"]
[Round "4.5"]
[White "Rosen, Daniel B"]
[Black "Rendle, Thomas E"]
[Result "0-1"]
[WhiteElo "2216"]
[BlackElo "2135"]
[PlyCount "34"]
[EventDate "2001.11.25"]
[SourceDate "2001.01.01"]

1. e4 e6 2. d4 d5 3. Nc3 Bb4 4. Nge2 Nc6 5. a3 Ba5 6. Be3 Nf6 7. e5 Ng4 8. Qd2
f6 9. exf6 Qxf6 10. Nf4 O-O 11. Nh3 e5 12. b4 exd4 13. bxa5 dxc3 14. Qxd5+ Be6
15. Qc5 Nxe3 16. Qxe3 Bxh3 17. Bc4+ Kh8 0-1

[Event "4NCL/Div2/PPA1 vs. PYO"]
[Site "Birmingham ENG"]
[Date "2001.11.25"]
[Round "4.6"]
[White "Gilbert, Jessie"]
[Black "Hammond, Andrew J.C"]
[Result "1/2-1/2"]
[WhiteElo "2075"]
[BlackElo "2200"]
[PlyCount "111"]
[EventDate "2001.11.25"]
[SourceDate "2001.01.01"]

1. d4 Nf6 2. c4 g6 3. Nc3 Bg7 4. e4 d6 5. f3 O-O 6. Bg5 Nbd7 7. Nh3 a6 8. Qd2
c5 9. d5 b5 10. cxb5 axb5 11. Nxb5 Qb6 12. a4 Ra5 13. Be2 Bb7 14. Be3 Rfa8 15.
Qc2 Ne8 16. O-O Qd8 17. Bd2 R5a6 18. Bc3 Bxc3 19. Nxc3 Rb6 20. Nb5 Ba6 21. Nf2
Rab8 22. Nd1 Ra8 23. Ndc3 Rbb8 24. f4 Ng7 25. Bd3 Bb7 26. Rae1 Qb6 27. Kh1 f6
28. Rf3 Rf8 29. Bc4 Rf7 30. Rh3 Raf8 31. Bd3 Bc8 32. Rhe3 Qa5 33. b3 Nh5 34. g3
g5 35. Rf1 Qb6 36. Na3 Rg7 37. Be2 g4 38. Nc4 Qb8 39. Na5 Bb7 40. Qd1 f5 41.
exf5 Nhf6 42. Bb5 Nb6 43. Nxb7 Qxb7 44. Bc6 Qc8 45. Qd3 h5 46. Rfe1 Rff7 47.
Qb5 h4 48. Qxb6 hxg3 49. hxg3 Qxf5 50. Kg2 Rh7 51. R3e2 Qd3 52. Re3 Qd2+ 53.
R1e2 Qc1 54. Re1 Qd2+ 55. R1e2 Qc1 56. Re1 1/2-1/2

[Event "4NCL/Div2/PPA1 vs. PYO"]
[Site "Birmingham ENG"]
[Date "2001.11.25"]
[Round "4.7"]
[White "Byway, Paul"]
[Black "Lazhevskaya, Zhanna"]
[Result "1/2-1/2"]
[WhiteElo "2216"]
[BlackElo "2103"]
[PlyCount "110"]
[EventDate "2001.11.25"]
[SourceDate "2001.01.01"]

1. d4 d5 2. Nf3 Nf6 3. Bf4 c5 4. c3 Nc6 5. e3 Qb6 6. Qb3 c4 7. Qxb6 axb6 8. Na3
e5 9. Nb5 Ra5 10. Nc7+ Kd7 11. dxe5 Nh5 12. Nxd5 Rxd5 13. Bxc4 Ra5 14. Bxf7
Nxf4 15. exf4 Ra4 16. g3 Re4+ 17. Kd2 Kc7 18. Ng5 Ra4 19. Bb3 Ra5 20. Nf7 Rg8
21. Nd6 Rh8 22. Nf7 Rg8 23. Nd6 Rh8 24. Nxc8 Kxc8 25. h4 Kc7 26. Ke2 Be7 27.
Rad1 Nxe5 28. fxe5 Rxe5+ 29. Kf1 Bd6 30. Rd5 Re7 31. Bd1 Rf8 32. Kg2 Ref7 33.
f4 Re7 34. Bf3 Rf6 35. Rhd1 h6 36. R1d2 Rg6 37. Rf5 Re3 38. Rf7+ Re7 39. Rxe7+
Bxe7 40. h5 Rd6 41. Rxd6 Bxd6 42. Kh3 b5 43. Kg4 b4 44. Kf5 bxc3 45. bxc3 Be7
46. g4 Bd6 47. Bxb7 Kxb7 48. g5 hxg5 49. fxg5 Ba3 50. Ke6 Bb2 51. c4 Kc6 52. a4
Bc3 53. Kf7 Kb6 54. h6 gxh6 55. gxh6 Kc5 1/2-1/2

[Event "4NCL/Div2/PPA1 vs. PYO"]
[Site "Birmingham ENG"]
[Date "2001.11.25"]
[Round "4.8"]
[White "Timms, Nicholas D"]
[Black "Connolly, Suzanne"]
[Result "1/2-1/2"]
[WhiteElo "2114"]
[BlackElo "2086"]
[PlyCount "52"]
[EventDate "2001.11.25"]
[SourceDate "2001.01.01"]

1. d4 d5 2. Bg5 c6 3. Nd2 Qb6 4. Nb3 Nd7 5. Nf3 Ngf6 6. Bd2 Qc7 7. Bb4 b6 8. a4
a5 9. Bd2 e6 10. g3 Bd6 11. Bg2 O-O 12. O-O Ba6 13. Re1 Rac8 14. Ng5 c5 15. e4
dxe4 16. Nxe4 Nxe4 17. Bxe4 c4 18. Nc1 Bb7 19. Qf3 Bxe4 20. Qxe4 Nf6 21. Qf3
Qc6 22. Kg2 Qxf3+ 23. Kxf3 Nd5 24. c3 Rfd8 25. Rb1 h6 26. Kg2 Kf8 1/2-1/2

[Event "4NCL/Div2/NWE vs. W&S"]
[Site "Birmingham ENG"]
[Date "2001.11.25"]
[Round "4.1"]
[White "Kennaugh, Charles W"]
[Black "Lappage, Jonathan"]
[Result "1-0"]
[WhiteElo "2255"]
[BlackElo "2168"]
[PlyCount "55"]
[EventDate "2001.11.25"]
[SourceDate "2001.01.01"]

1. e4 c5 2. Nf3 d6 3. d4 cxd4 4. Nxd4 Nf6 5. Nc3 a6 6. Qf3 Qb6 7. Nb3 Nc6 8.
Qg3 e6 9. Bd3 Qc7 10. O-O b5 11. Be3 Bb7 12. f4 h6 13. Rae1 O-O-O 14. e5 Nd7
15. a4 b4 16. exd6 Bxd6 17. Ne4 g6 18. Qf2 Rhe8 19. a5 Be7 20. Qe2 Ncb8 21. c3
Bd5 22. cxb4 Bxb4 23. Rc1 Nc6 24. Bxa6+ Kb8 25. Qb5+ Ka8 26. Bb6 Nxb6 27. axb6
Qd7 28. Nf6 1-0

[Event "4NCL/Div2/NWE vs. W&S"]
[Site "Birmingham ENG"]
[Date "2001.11.25"]
[Round "4.2"]
[White "Haydon, Richard"]
[Black "Charleshouse, Glenn L"]
[Result "1/2-1/2"]
[WhiteElo "2208"]
[BlackElo "2309"]
[PlyCount "53"]
[EventDate "2001.11.25"]
[SourceDate "2001.01.01"]

1. g3 e6 2. Bg2 Nf6 3. Nf3 b6 4. O-O Bb7 5. d3 d5 6. e4 Be7 7. e5 Nfd7 8. h4 h6
9. h5 c5 10. Re1 Nc6 11. Bf4 Qc7 12. Nc3 d4 13. Nb5 Qb8 14. Nd6+ Bxd6 15. exd6
Qd8 16. c3 dxc3 17. bxc3 O-O 18. d4 cxd4 19. Nxd4 Rc8 20. Nb5 Na5 21. Bxb7 Nxb7
22. Qf3 Na5 23. Nxa7 Rc5 24. Rab1 Qf6 25. Qe2 Rxc3 26. Nb5 Rc5 27. Rec1 1/2-1/2

[Event "4NCL/Div2/NWE vs. W&S"]
[Site "Birmingham ENG"]
[Date "2001.11.25"]
[Round "4.3"]
[White "Littlewood, John E"]
[Black "Headlong, Timothy"]
[Result "1/2-1/2"]
[WhiteElo "2285"]
[BlackElo "2232"]
[PlyCount "55"]
[EventDate "2001.11.25"]
[SourceDate "2001.01.01"]

1. e4 c5 2. Nf3 Nc6 3. Bb5 g6 4. O-O Bg7 5. Qe2 e5 6. Bxc6 dxc6 7. b4 cxb4 8.
a3 b3 9. cxb3 Ne7 10. Bb2 Qc7 11. Nc3 Bg4 12. Rac1 Rd8 13. d3 O-O 14. Qe3 Bxf3
15. Qxf3 Qd6 16. Rfd1 Qe6 17. b4 Qb3 18. Rb1 Qe6 19. b5 cxb5 20. Nxb5 a6 21.
Nc3 b5 22. Bc1 Rc8 23. Bd2 Rb8 24. Be3 Rfc8 25. Rdc1 h6 26. Qe2 Kh7 27. Qd2 Qd6
28. Rb3 1/2-1/2

[Event "4NCL/Div2/NWE vs. W&S"]
[Site "Birmingham ENG"]
[Date "2001.11.25"]
[Round "4.4"]
[White "Dickinson, Tim R"]
[Black "Tebb, David J"]
[Result "1/2-1/2"]
[WhiteElo "2179"]
[BlackElo "2244"]
[PlyCount "93"]
[EventDate "2001.11.25"]
[SourceDate "2001.01.01"]

1. e4 e5 2. Nf3 Nc6 3. Bb5 a6 4. Ba4 Nf6 5. O-O Be7 6. Re1 b5 7. Bb3 O-O 8. h3
Bb7 9. d3 d6 10. a3 Re8 11. Ng5 d5 12. exd5 Nd4 13. Nc3 Nxb3 14. cxb3 Nxd5 15.
Rxe5 Nxc3 16. bxc3 Qd6 17. Qe2 Bc6 18. Nf3 Bf6 19. Re3 Bxc3 20. Ra2 Bf6 21. b4
Rad8 22. Rc2 Rxe3 23. Qxe3 Bxf3 24. Qxf3 Qxd3 25. Qc6 Qd1+ 26. Kh2 Be5+ 27. g3
h6 28. Bb2 Bxb2 29. Rxb2 Qf1 30. Rc2 Rd1 31. Qe8+ Kh7 32. Qe4+ g6 33. Qg2 Qxg2+
34. Kxg2 Ra1 35. Rxc7 Rxa3 36. Rxf7+ Kg8 37. Ra7 Ra4 38. g4 Rxb4 39. Rxa6 Kg7
40. Rb6 Kf7 41. Kg3 Kg7 42. f3 Rb1 43. h4 b4 44. Kf4 b3 45. Ke5 Re1+ 46. Kd4
Rb1 47. Ke5 1/2-1/2

[Event "4NCL/Div2/NWE vs. W&S"]
[Site "Birmingham ENG"]
[Date "2001.11.25"]
[Round "4.6"]
[White "Bourne, Johnathan D"]
[Black "Hague, Ben"]
[Result "1/2-1/2"]
[WhiteElo "2008"]
[BlackElo "2219"]
[PlyCount "61"]
[EventDate "2001.11.25"]
[SourceDate "2001.01.01"]

1. e4 g6 2. d4 Bg7 3. Nc3 d6 4. Be3 a6 5. Qd2 b5 6. f3 Nd7 7. Nh3 Nb6 8. Nf2
Bd7 9. Be2 Qc8 10. O-O Nf6 11. e5 Nfd5 12. Nxd5 Nxd5 13. Bh6 O-O 14. Bxg7 Kxg7
15. h4 f5 16. c4 bxc4 17. Bxc4 Be6 18. Rfe1 Re8 19. Rac1 Rb8 20. exd6 exd6 21.
Bxd5 Bxd5 22. Rxe8 Qxe8 23. Rxc7+ Kg8 24. Nh3 Qd8 25. Qc3 Qxh4 26. Rc8+ Rxc8
27. Qxc8+ Kg7 28. Qd7+ Kg8 29. Qe8+ Kg7 30. Qd7+ Kg8 31. Qe8+ 1/2-1/2

[Event "4NCL/Div2/NWE vs. W&S"]
[Site "Birmingham ENG"]
[Date "2001.11.25"]
[Round "4.7"]
[White "Gillibrand, John"]
[Black "Elliott, Sean"]
[Result "0-1"]
[WhiteElo "2063"]
[BlackElo "1952"]
[PlyCount "58"]
[EventDate "2001.11.25"]
[SourceDate "2001.01.01"]

1. e4 c5 2. c3 d5 3. exd5 Qxd5 4. d4 Nf6 5. Nf3 Bg4 6. dxc5 Qxc5 7. Na3 e6 8.
Be3 Qa5 9. Nc4 Qc7 10. Nce5 Nbd7 11. Qa4 Bxf3 12. Nxf3 Bd6 13. Be2 O-O 14. O-O
a6 15. c4 Ng4 16. h3 Nxe3 17. fxe3 Bc5 18. Nd4 Qe5 19. Nc2 Nf6 20. Qb3 Ne4 21.
Rfd1 Bd6 22. Bf3 f5 23. Nd4 f4 24. Qc2 Ng5 25. Bxb7 fxe3 26. g4 Nxh3+ 27. Kh1
Nf2+ 28. Kg1 Qh2+ 29. Kf1 Ne4+ 0-1

[Event "4NCL/Div2/NWE vs. W&S"]
[Site "Birmingham ENG"]
[Date "2001.11.25"]
[Round "4.8"]
[White "Headlong, Fenella"]
[Black "Summerscale, Claire E"]
[Result "1/2-1/2"]
[WhiteElo "1656"]
[BlackElo "2031"]
[PlyCount "55"]
[EventDate "2001.11.25"]
[SourceDate "2001.01.01"]

1. e4 d5 2. exd5 Qxd5 3. d4 e6 4. Nf3 Nf6 5. c4 Bb4+ 6. Nc3 Bxc3+ 7. bxc3 Qa5
8. Qb3 Ne4 9. Bb2 Nd7 10. Bd3 Ndf6 11. Qb5+ Qxb5 12. cxb5 c5 13. bxc6 bxc6 14.
O-O O-O 15. Rfe1 Nd6 16. Ne5 Bb7 17. Rab1 Rfd8 18. Ba3 Nfe8 19. Rb3 a5 20. Reb1
Ba6 21. Bxa6 Rxa6 22. Rb8 Ra8 23. Rxd8 Rxd8 24. Nxc6 Ra8 25. f3 f6 26. Kf2 Kf7
27. Ke2 Rc8 28. Nxa5 1/2-1/2

[Event "4NCL/Div2/ATH vs. RIC"]
[Site "Birmingham ENG"]
[Date "2001.11.25"]
[Round "4.1"]
[White "Spreeuw, Jaap"]
[Black "Wall, Gavin"]
[Result "1/2-1/2"]
[WhiteElo "2316"]
[BlackElo "2366"]
[PlyCount "80"]
[EventDate "2001.11.25"]
[SourceDate "2001.01.01"]

1. c4 g6 2. e4 e5 3. d4 Nf6 4. dxe5 Nxe4 5. Bd3 Nc5 6. Nf3 d6 7. Be2 Ne6 8. Nc3
Nc6 9. exd6 Qxd6 10. O-O Qxd1 11. Rxd1 Bg7 12. Be3 Bd7 13. c5 O-O-O 14. Bc4
Rhe8 15. a3 Na5 16. Ba2 Bxc3 17. bxc3 f6 18. Bd4 Ba4 19. Rdb1 Nxd4 20. cxd4 Bc6
21. Rd1 Bxf3 22. gxf3 c6 23. Kf1 Kc7 24. Rab1 b6 25. cxb6+ axb6 26. Rb4 c5 27.
Rc1 Nb7 28. dxc5 Nxc5 29. Bc4 Rd2 30. Rcb1 Rc2 31. Bb5 Rd8 32. R4b2 Rxb2 33.
Rxb2 Rd1+ 34. Kg2 Ra1 35. Re2 Rxa3 36. Re7+ Kd6 37. Rxh7 Rb3 38. Bf1 b5 39. Rf7
Nd7 40. f4 Rb4 1/2-1/2

[Event "4NCL/Div2/ATH vs. RIC"]
[Site "Birmingham ENG"]
[Date "2001.11.25"]
[Round "4.2"]
[White "Bates, Richard A"]
[Black "Wade, Robert G"]
[Result "1-0"]
[WhiteElo "2358"]
[BlackElo "2224"]
[PlyCount "81"]
[EventDate "2001.11.25"]
[SourceDate "2001.01.01"]

1. e4 e6 2. d3 b6 3. Nf3 Bb7 4. g3 f5 5. exf5 exf5 6. Bg2 Nf6 7. O-O Be7 8. c4
O-O 9. Nc3 Nc6 10. d4 Bb4 11. d5 Ne7 12. Qb3 Bc5 13. Na4 Bd6 14. c5 Bxd5 15.
cxd6 Bxb3 16. dxe7 Qxe7 17. axb3 c6 18. Nc3 d5 19. Nd4 Qd7 20. b4 a6 21. Na4
Rab8 22. Bf4 Rb7 23. Rfc1 Ne4 24. Rxc6 g5 25. Be5 Qe7 26. f4 Qxb4 27. Rc2 Rbf7
28. Nc3 Nxc3 29. bxc3 Qc4 30. Bf1 Qc5 31. Rxa6 gxf4 32. gxf4 Re8 33. Bb5 Rxe5
34. Ra8+ Kg7 35. fxe5 Kh6 36. Kh1 Qe7 37. Re2 f4 38. e6 Rf6 39. Ra1 f3 40. Re3
f2 41. Rf1 1-0

[Event "4NCL/Div2/ATH vs. RIC"]
[Site "Birmingham ENG"]
[Date "2001.11.25"]
[Round "4.3"]
[White "Spivack, Simon"]
[Black "Hinks-Edwards, Thomas"]
[Result "0-1"]
[WhiteElo "2182"]
[BlackElo "2322"]
[PlyCount "60"]
[EventDate "2001.11.25"]
[SourceDate "2001.01.01"]

1. e4 c6 2. d4 d5 3. e5 Bf5 4. Nf3 e6 5. Be2 Nd7 6. O-O Ne7 7. Nbd2 c5 8. c3
Nc6 9. a3 a5 10. Re1 Be7 11. dxc5 Ndxe5 12. Nxe5 Nxe5 13. Bb5+ Nc6 14. Qa4 O-O
15. Nb3 Bc2 16. Be3 Ne5 17. Rac1 Bd3 18. Nd2 Bxb5 19. Qxb5 a4 20. Bf4 Nd7 21.
c4 Ra5 22. Qxb7 Nxc5 23. Qc7 Nd3 24. Qxd8 Bxd8 25. Bd6 Re8 26. c5 Nxe1 27. Rxe1
Be7 28. Rc1 Kf8 29. Nf3 Rc8 30. Bxe7+ Kxe7 0-1

[Event "4NCL/Div2/ATH vs. RIC"]
[Site "Birmingham ENG"]
[Date "2001.11.25"]
[Round "4.4"]
[White "Webb, Laurence E"]
[Black "Quinn, John M"]
[Result "1-0"]
[WhiteElo "2246"]
[BlackElo "2189"]
[PlyCount "71"]
[EventDate "2001.11.25"]
[SourceDate "2001.01.01"]

1. e4 c5 2. Nf3 e6 3. c3 d5 4. e5 d4 5. Bd3 Nc6 6. Be4 Nge7 7. Na3 Bd7 8. O-O
Ng6 9. Nc4 Qc7 10. Re1 b5 11. Na3 Rb8 12. cxd4 Nxd4 13. Nxd4 cxd4 14. d3 Be7
15. Nc2 Nxe5 16. Bf4 Bd6 17. Nxd4 Qb6 18. Nb3 Ng6 19. Be3 Qd8 20. Nc5 O-O 21.
Nb7 Qe7 22. Nxd6 Qxd6 23. Bxa7 Rbc8 24. d4 Qf4 25. g3 Qg5 26. d5 Rc4 27. b3
Rxe4 28. Rxe4 exd5 29. Be3 Qf6 30. Bd4 Qf5 31. Re3 Qh3 32. a4 bxa4 33. bxa4 Bg4
34. f3 Bf5 35. a5 Rc8 36. a6 1-0

[Event "4NCL/Div2/ATH vs. RIC"]
[Site "Birmingham ENG"]
[Date "2001.11.25"]
[Round "4.5"]
[White "Stevenson, James A.B"]
[Black "Franklin, Michael J"]
[Result "1/2-1/2"]
[WhiteElo "2151"]
[BlackElo "2233"]
[PlyCount "60"]
[EventDate "2001.11.25"]
[SourceDate "2001.01.01"]

1. e4 c5 2. Nc3 Nc6 3. Nf3 e6 4. d4 cxd4 5. Nxd4 Qc7 6. g3 a6 7. Bg2 Nf6 8. O-O
Be7 9. Re1 d6 10. b3 Bd7 11. Bb2 O-O 12. Qd2 Rac8 13. Rad1 Rfd8 14. Qe3 b5 15.
Re2 Ng4 16. Qd2 Nxd4 17. Qxd4 Bf6 18. e5 Bxe5 19. Qxg4 Bxc3 20. Bxc3 Qxc3 21.
Rxd6 Qa1+ 22. Bf1 Bc6 23. Red2 Rxd6 24. Rxd6 g6 25. Qd4 Qxd4 26. Rxd4 Kf8 27.
f4 Ke7 28. Kf2 f6 29. Ke3 Bb7 30. Bd3 Rc5 1/2-1/2